Case of feline panleukopenia virus in veterinary hospital at khamkarmon, phnom penh, ករណី Feline panleukopenia virus នៅមន្ទីពេទ្យសត្វ ក្នុងខណ្ឌចំការមន រាជធានីភ្នំពេញ (Record no. 25822)

000 -LEADER
fixed length control field 00550nam a22001217a 4500
040 ## - CATALOGING SOURCE
Transcribing agency RUA
082 ## - DEWEY DECIMAL CLASSIFICATION NUMBER
Classification number AVM RER 2025 B705 Or.1
100 ## - MAIN ENTRY--AUTHOR NAME
Personal name RERNGBUNNOY, រឿង ប៊ុនណយ
245 ## - TITLE STATEMENT
Title Case of feline panleukopenia virus in veterinary hospital at khamkarmon, phnom penh, ករណី Feline panleukopenia virus នៅមន្ទីពេទ្យសត្វ ក្នុងខណ្ឌចំការមន រាជធានីភ្នំពេញ
260 ## - PUBLICATION, DISTRIBUTION, ETC. (IMPRINT)
Place of publication PHNOM PENH
Name of publisher RUA
Year of publication 2025
300 ## - PHYSICAL DESCRIPTION
Number of Pages xi,43p.
Other physical details ill.
Dimensions 29cm.
942 ## - ADDED ENTRY ELEMENTS (KOHA)
Koha item type AVM
952 ## - LOCATION AND ITEM INFORMATION (KOHA)
Withdrawn status [LOCAL, KOHA] 0
952 ## - LOCATION AND ITEM INFORMATION (KOHA)
Withdrawn status [LOCAL, KOHA] 0
Holdings
Permanent Location Date acquired Koha item type Lost status Shelving location Barcode Current Location Full call number
Library Block B2026-05-26AVM B705B712298Library Block BAVM RER 2025 B705 Or.1
Library Block B2026-05-26AVM B705B712300Library Block BAVM RER 2025 B705 Or.2
មជ្ឈមណ្ឌលឯការនៃសាកលវិទ្យាល័យភូមិន្ទកសិកម្មចំការដូង

Powered by Koha